000 00656nam a2200241Ia 4500
003 OSt
005 20220918202601.0
006 a|||||r|||| 00| 0
007 ta
008 220917b |||||||| |||| 00| 0 eng d
024 _a102,315
037 _cTextual
040 _aARTS
_cARTS
_beng
041 _2eng
_aeng
082 _aV236H:51.N47<-N19, M2
100 _aJagdish Chandra
_9104444
245 0 _aFreedom struggle in Haryana 1919-47
260 _aKurukshetra
_bVishal
_c1982
300 _axi,192p.
_ccm.
650 _aHISTORY
942 _hV236H:51.N47<-N19, M2
_cTEXL
_2CC
999 _c225774
_d225774